书目信息 |
| 题名: |
制药废水处理技术及工程实例
|
|
| 作者: | 胡晓东 编著 | |
| 分册: | ||
| 出版信息: | 北京 化学工业出版社 2008.04 |
|
| 页数: | 229页 | |
| 开本: | 26cm | |
| 丛书名: | 废水处理技术及工程实例丛书 | |
| 单 册: | ||
| 中图分类: | X787.031 | |
| 科图分类: | ||
| 主题词: | 制药工业--废物处理 | |
| 电子资源: | ||
| ISBN: | 978-7-122-01897-7 | |
| 000 | 00700nam0 2200217 450 | |
| 001 | 0858329114 | |
| 005 | 20091217144518.77 | |
| 010 | @a978-7-122-01897-7@dCNY40.00 | |
| 100 | @a20081211d2008 km y0chiy0120 ea | |
| 101 | 0 | @achi |
| 102 | @aCN@b110000 | |
| 200 | 1 | @a制药废水处理技术及工程实例@Azhi yao fei shui chu li ji shu ji gong cheng shi li@f胡晓东编著@Fhu xiao dong bian zhu |
| 210 | @a北京@c化学工业出版社@d2008.04 | |
| 215 | @a229页@d26cm | |
| 225 | 2 | @a废水处理技术及工程实例丛书 |
| 410 | 0 | @12001 @a废水处理技术及工程实例丛书 |
| 606 | 0 | @a制药工业@x废物处理 |
| 690 | @aX787.031@v4 | |
| 701 | 0 | @a胡晓东@Ahu xiao dong@4编著 |
| 801 | 0 | @aCN@bNISOFT@c20091217 |
| 905 | @aBZT@dX787.031@e1@f5 | |
| 制药废水处理技术及工程实例/胡晓东编著.-北京:化学工业出版社,2008.04 |
| 229页;26cm.-(废水处理技术及工程实例丛书) |
| ISBN 978-7-122-01897-7:CNY40.00 |
| ● |
| 相关链接 |
|
|
|
正题名:制药废水处理技术及工程实例
索取号:X787.031/1
 
预约/预借
| 序号 | 登录号 | 条形码 | 馆藏地/架位号 | 状态 | 备注 |
| 1 | 0689927 | 2000689927 | 样本书库/样004架B面1层3列/ [索取号:X787.031/1] | 在馆 | |
| 2 | 0689928 | 2000689928 | 中心书库北库/ 北库002架B面2列6层39/ [索取号:X787.031/1] | 在馆 | |
| 3 | 0689929 | 2000689929 | 中心书库北库/ 北库002架B面2列6层38/ [索取号:X787.031/1] | 在馆 | |
| 4 | 0689930 | 2000689930 | 中心书库北库/ 北库002架B面2列6层40/ [索取号:X787.031/1] | 在馆 | |
| 5 | 0689931 | 2000689931 | 中心书库北库/ 北库002架B面2列6层37/ [索取号:X787.031/1] | 在馆 | |
| 6 | 728573 | 2000728573 | 中心书库北库/ 北库002架B面2列6层32/ [索取号:X787.031/1] | 在馆 | |
| 7 | 728574 | 2000728574 | 中心书库北库/ 北库002架B面2列6层36/ [索取号:X787.031/1] | 在馆 | |
| 8 | 728575 | 2000728575 | 中心书库北库/ 北库002架B面2列6层33/ [索取号:X787.031/1] | 在馆 | |
| 9 | 728576 | 2000728576 | 中心书库北库/ 北库002架B面2列6层35/ [索取号:X787.031/1] | 在馆 | |
| 10 | 728577 | 2000728577 | 中心书库北库/ 北库002架B面2列6层34/ [索取号:X787.031/1] | 在馆 |